| 000 | 00508nam a2200205 a 4500 | ||
|---|---|---|---|
| 005 | 20200104041526.0 | ||
| 008 | 140303b1980 ck ||||| |||| 00| 0 spa d | ||
| 040 |
_aCO-BoIAVH _cCO-BoIAVH |
||
| 041 | _aspa | ||
| 044 | _ack | ||
| 090 |
_aLB _b01832 |
||
| 100 |
_aAguilar P., Mauricio _941751 |
||
| 245 | _aClima de la costa Atlántica | ||
| 260 |
_aBogotá _bICN _c1980? |
||
| 300 | _a62 p. | ||
| 650 |
_aClima _941752 |
||
| 650 |
_aClimatología _9288 |
||
| 662 |
_aColombia _cCaribe |
||
| 942 |
_cINFORME _2z |
||
| 999 |
_c2001 _d2001 |
||